Mitos y ritos de la Administracin̤ espaǫla

Bibliographic Details
Main Author: Crespo Montes, Luis Fernando
Corporate Author: Espaą. Ministerio para las Administraciones Pb︢licas
Format: Book
Language:Spanish
Published: Madrid : Instituto Nacional de Administracin̤ Pb︢lica, 2003
Series:Estudios (Instituto Nacional de Administracin̤ Pb︢lica (Espanya))
Subjects:
Online Access:Acceso restringido

MARC

LEADER 00000nam a2200000 a 4500
005 20120910182645.0
007 cr|||| ||||
008 031009s2003 sp |||||| o000 ||spa|d
017 |a DL M. 30004-2003 
020 |a 8470884522 
024 8 |a 329-03-015-6  |2 z 
035 |a 6621 
040 |a vLex 
090 |c 3414  |d 3414 
100 1 |a Crespo Montes, Luis Fernando 
245 1 0 |a Mitos y ritos de la Administracin̤ espaǫla  |h [Recurso electrn̤ico] /  |c Luis Fernando Crespo Montes 
256 |a Servicio en ln̕ea 
260 |a Madrid :  |b Instituto Nacional de Administracin̤ Pb︢lica,  |c 2003 
300 |a 1 recurso electrn̤ico 
490 1 |a Estudios 
504 |a Bibliografa̕ 
506 1 |a Contenido solo disponible en los productos indicados  |d vLex Global   |d vLex Global (Academic Edition, excluding Law Schools)   |d vLex Global (U.S. Academic Edition, Law Schools)   |d vLex Global (U.S. Academic Edition, excluding Law Schools)   |d vLex Global (Academic Edition, Law Schools)  
650 0 4 |a Administracin̤ pb︢lica  |z Espaą 
710 1 |a Espaą.  |b Ministerio para las Administraciones Pb︢licas 
740 0 |a vLex Libros (Servicio en ln̕ea) 
830 0 |a Estudios (Instituto Nacional de Administracin̤ Pb︢lica (Espanya)) 
856 4 0 |u http://vlex.com/source/mitos-ritos-administracion-espa-ola-6621  |z Acceso restringido 
942 |c BOOK